000 01099cab a2200337 4500
001 ABS46129
008 090401t1992 xxu||||| |||| 00| 0 eng d
035 _a(Sirsi) u56924
041 _aeng
245 _aGermany
260 _c1992
350 _a0
490 _aEstates Europe
_v1(1) March 1992, 7-15(9)
520 _aA special feature on Germany provides a general overview of the property market, looks at opportunities in Berlin including a list of office developments in the pipeline, Dresden, Leipzig, Frankfurt, Hamburg, Dusseldorf and Stuttgart, the roles of domestic institutional and foreign investors, planning policy and landlord and tenant law.
650 _aBERLIN
650 _aDRESDEN
650 _aDUSSELDORF
650 _aFRANKFURT
650 _aGERMANY
650 _aHAMBURG
650 _aINSTITUTIONAL INVESTMENT
650 _aLANDLORD AND TENANT
_96252
650 _aLEIPZIG
650 _aOFFICE RENTS
650 _aPLANNING
650 _aPROPERTY MARKET
650 _aSTUTTGART
690 _aOVERSEAS-EUROPE
942 _n0
948 _c04/03/1997
999 _c34733
_d34733